[Event "Israeli Open Championship 2019"]
[Site "Jerusalem"]
[Date "2019.12.16"]
[Round "4.12"]
[White "Kuritz, Zvi"]
[Black "Shtemler, Lavi"]
[Result "0-1"]
[WhiteElo "1907"]
[BlackElo "2181"]
[Annotator "NA"]
[PlyCount "68"]
[EventDate "2019.12.12"]
[EventType "swiss"]
[EventCountry "ISR"]
[SourceTitle "playchess.com"]
[Source "ChessBase"]
[SourceQuality "1"]
[TimeControl "5400+30"]

1. e4 {[%emt 0:00:00]} c5 {[%emt 0:00:00]} 2. Nf3 {[%emt 0:00:00]} g6 {[%emt 0:00:00]} 3. d4 {[%emt 0:04:32]} cxd4 {[%emt 0:00:00]} 4. Nxd4 {[%emt 0:00:32]} Bg7 {[%emt 0:00:00]} 5. Nc3 {[%emt 0:02:50]} Nc6 {[%emt 0:00:24]} 6. Be3 {[%emt 0:00:47]} Nf6 {[%emt 0:00:04]} 7. Be2 {[%emt 0:02:33]} O-O {[%emt 0:01:20]} 8. O-O {[%emt 0:00:07]} d5 {[%emt 0:00:36]} 9. exd5 {[%emt 0:04:57]} Nxd5 {[%emt 0:02:15]} 10. Nxd5 {[%emt 0:03:16]} Qxd5 {[%emt 0:00:25]} 11. Bf3 {[%emt 0:02:05]} Qa5 {[%emt 0:00:40]} 12. c3 {[%emt 0:08:31]} Nxd4 {[%emt 0:05:08]} 13. Bxd4 {[%emt 0:02:44]} e5 {[%emt 0:05:28]} 14. Be3 {[%emt 0:02:48]} Be6 {[%emt 0:04:10]} 15. Bxb7 {[%emt 0:02:49]} Rab8 {[%emt 0:02:27]} 16. b4 {[%emt 0:01:15]} Qa3 $14 {[%emt 0:11:22]} 17. Bf3 {[%emt 0:02:38]} e4 {[%emt 0:09:30]} 18. Bxe4 {[%emt 0:00:14]} Bxc3 {[%emt 0:02:39]} 19. Bc5 {[%emt 0:10:04]} Rfd8 {[%emt 0:18:50]} 20. Qf3 {[%emt 0:05:05]} a5 {[%emt 0:00:25]} 21. Rad1 {[%emt 0:04:47]} axb4 {[%emt 0:01:29]} 22. Rxd8+ {[%emt 0:03:09]} Rxd8 {[%emt 0:00:09]} 23. Rd1 {[%emt 0:00:11]} Qa5 {[%emt 0:03:02]} 24. Be7 {[%emt 0:04:11]} Re8 {[%emt 0:04:52]} 25. Bf6 {[%emt 0:04:02]} Bxf6 {[%emt 0:04:46]} 26. Qxf6 {[%emt 0:00:24]} Bxa2 {[%emt 0:02:05]} 27. f4 {[%emt 0:03:55]} Bb3 {[%emt 0:01:53]} 28. Rd4 {[%emt 0:02:48]} Qc5 {[%emt 0:03:17]} 29. Kf1 {[%emt 0:00:47]} Bc4+ {[%emt 0:04:06]} 30. Ke1 {[%emt 0:00:38]} Rxe4+ {[%emt 0:00:34]} 31. Rxe4 {[%emt 0:00:37]} Qg1+ {[%emt 0:00:06]} 32. Kd2 {[%emt 0:00:22]} Qxg2+ {[%emt 0:00:16]} 33. Ke3 {[%emt 0:00:18]} Qe2+ {[%emt 0:00:29]} 34. Kd4 {[%emt 0:00:23]} Qb2+ {[%emt 0:14:13]} 0-1

[Event "Israeli Open Championship 2019"]
[Site "Jerusalem"]
[Date "2019.12.16"]
[Round "4.13"]
[White "Zalkind, Konstantin"]
[Black "Nissim, Yonatan"]
[Result "1-0"]
[WhiteElo "2162"]
[BlackElo "2040"]
[Annotator "NA"]
[PlyCount "43"]
[EventDate "2019.12.12"]
[EventType "swiss"]
[EventCountry "ISR"]
[SourceTitle "playchess.com"]
[Source "ChessBase"]
[SourceQuality "1"]
[TimeControl "5400+30"]

1. d4 {[%emt 0:00:00]} Nf6 {[%emt 0:00:00]} 2. Nf3 {[%emt 0:00:05]} g6 {[%emt 0:00:15]} 3. Bg5 {[%emt 0:00:24]} Bg7 {[%emt 0:03:15]} 4. Nbd2 {[%emt 0:00:28]} d5 {[%emt 0:01:35]} 5. e3 {[%emt 0:01:00]} c5 {[%emt 0:02:09]} 6. c3 {[%emt 0:01:11]} cxd4 {[%emt 0:02:10]} 7. cxd4 {[%emt 0:01:02]} Nc6 {[%emt 0:03:04]} 8. Be2 {[%emt 0:01:08]} O-O {[%emt 0:07:12]} 9. O-O {[%emt 0:00:17]} Bf5 {[%emt 0:01:23]} 10. a3 {[%emt 0:00:47]} a5 {[%emt 0:09:23]} 11. Rc1 {[%emt 0:02:16]} Qb6 {[%emt 0:02:36]} 12. Qb3 {[%emt 0:01:27]} Qxb3 {[%emt 0:05:11]} 13. Nxb3 {[%emt 0:00:50]} Rfc8 {[%emt 0:03:59]} 14. Nc5 $14 {[%emt 0:02:05]} Ne4 {[%emt 0:13:42]} 15. Bf4 {[%emt 0:14:41]} e5 {[%emt 0:11:32]} 16. Nxe4 {[%emt 0:23:46]} exf4 {[%emt 0:00:43]} 17. Nd6 {[%emt 0:01:24]} Rcb8 {[%emt 0:01:42]} 18. Nxf5 {[%emt 0:04:34]} gxf5 {[%emt 0:00:08]} 19. Nh4 {[%emt 0:05:58]} Re8 {[%emt 0:10:00]} 20. Nxf5 {[%emt 0:02:42]} Nxd4 {[%emt 0:01:50]} 21. exd4 {[%emt 0:08:08]} Rxe2 {[%emt 0:00:10]} 22. b3 {[%emt 0:01:00]} 1-0

[Event "Israeli Open Championship 2019"]
[Site "Jerusalem"]
[Date "2019.12.16"]
[Round "4.14"]
[White "Tsyn, Igor"]
[Black "Uritsky, Yonathan"]
[Result "1-0"]
[WhiteElo "2154"]
[BlackElo "1881"]
[Annotator "NA"]
[PlyCount "99"]
[EventDate "2019.12.12"]
[EventType "swiss"]
[EventCountry "ISR"]
[SourceTitle "playchess.com"]
[Source "ChessBase"]
[SourceQuality "1"]
[TimeControl "5400+30"]

1. e4 {[%emt 0:00:00]} c5 {[%emt 0:00:00]} 2. Nf3 {[%emt 0:00:00]} Nc6 {[%emt 0:00:00]} 3. Bb5 {[%emt 0:00:00]} Nf6 {[%emt 0:00:05]} 4. e5 {[%emt 0:09:21]} Nd5 {[%emt 0:00:45]} 5. O-O {[%emt 0:00:14]} g6 {[%emt 0:00:43]} 6. Re1 {[%emt 0:00:33]} Bg7 {[%emt 0:00:38]} 7. c3 {[%emt 0:13:14]} O-O {[%emt 0:01:39]} 8. d4 {[%emt 0:00:54]} cxd4 {[%emt 0:03:20]} 9. cxd4 {[%emt 0:00:21]} d6 {[%emt 0:00:21]} 10. h3 {[%emt 0:09:21]} Bf5 $11 {[%emt 0:08:08]} (10... Qb6 $5 {[%cal Rb6b5]} 11. Qa4 Be6 $15) 11. Bxc6 {[%emt 0:16:46]} bxc6 {[%emt 0:00:15]} 12. Na3 {[%emt 0:00:23]} Rb8 {[%emt 0:03:51]} 13. Nc4 {[%emt 0:03:43]} Qc7 {[%emt 0:02:36]} 14. Bd2 {[%emt 0:11:11]} Rfc8 {[%emt 0:04:45]} 15. Rc1 {[%emt 0:03:09]} Qd7 {[%emt 0:00:22]} 16. b3 {[%emt 0:07:39]} Nb4 {[%emt 0:12:35]} 17. Bxb4 {[%emt 0:06:11]} Rxb4 {[%emt 0:00:07]} 18. exd6 {[%emt 0:07:12]} exd6 {[%emt 0:00:11]} 19. d5 {[%emt 0:00:07]} h5 {[%emt 0:03:37]} 20. Ne3 {[%emt 0:02:02]} Be4 {[%emt 0:03:14]} 21. Nc2 {[%emt 0:00:44]} Bxc2 {[%emt 0:00:05]} 22. Rxc2 {[%emt 0:01:09]} c5 {[%emt 0:00:25]} 23. Qd3 {[%emt 0:01:01]} a5 {[%emt 0:01:52]} 24. Rce2 {[%emt 0:00:30]} Bf6 {[%emt 0:00:38]} 25. Nd2 {[%emt 0:01:49]} a4 {[%emt 0:01:17]} 26. Qf3 {[%emt 0:02:46]} Be5 {[%emt 0:05:24]} 27. Nc4 {[%emt 0:00:19]} f6 {[%emt 0:00:44]} 28. Nxe5 {[%emt 0:01:18]} fxe5 {[%emt 0:00:22]} 29. Qf6 {[%emt 0:00:58]} Kh7 {[%emt 0:00:31]} 30. f4 {[%emt 0:00:23]} Rxf4 {[%emt 0:00:59]} 31. Qxf4 {[%emt 0:00:02]} exf4 {[%emt 0:00:14]} 32. Re7+ {[%emt 0:00:01]} Qxe7 {[%emt 0:00:16]} 33. Rxe7+ {[%emt 0:00:02]} Kh6 {[%emt 0:00:20]} 34. Rd7 {[%emt 0:01:11]} axb3 {[%emt 0:01:08]} 35. axb3 {[%emt 0:00:01]} Rb8 {[%emt 0:00:16]} 36. Rxd6 {[%emt 0:00:03]} Rxb3 {[%emt 0:00:09]} 37. Rc6 {[%emt 0:00:05]} Rc3 {[%emt 0:04:21]} 38. d6 {[%emt 0:01:57]} Rd3 {[%emt 0:03:15]} 39. Kf2 {[%emt 0:01:04]} Rd5 {[%emt 0:00:40]} 40. Kf3 {[%emt 0:00:38]} Kg5 {[%emt 0:00:20]} 41. Ke4 {[%emt 0:01:15]} Rd2 {[%emt 0:10:50]} 42. Rxc5+ {[%emt 0:00:05]} Kf6 {[%emt 0:00:10]} 43. Rd5 {[%emt 0:00:54]} Re2+ {[%emt 0:00:38]} 44. Kxf4 {[%emt 0:00:44]} Re8 {[%emt 0:00:41]} 45. d7 {[%emt 0:00:26]} Rd8 {[%emt 0:00:23]} 46. Rd6+ {[%emt 0:00:25]} Kg7 {[%emt 0:01:33]} 47. Ke5 {[%emt 0:00:43]} Kf7 {[%emt 0:00:13]} 48. h4 {[%emt 0:00:09]} Ke7 {[%emt 0:00:22]} 49. Rxg6 {[%emt 0:00:48]} Kxd7 {[%emt 0:00:07]} 50. Rd6+ {[%emt 0:00:01]} 1-0

[Event "Israeli Open Championship 2019"]
[Site "Jerusalem"]
[Date "2019.12.16"]
[Round "4.17"]
[White "Cohen, Moshe"]
[Black "Dvoirys, Semen I."]
[Result "0-1"]
[WhiteElo "1697"]
[BlackElo "2467"]
[Annotator "ChessBase"]
[PlyCount "70"]
[EventDate "2019.12.12"]
[EventType "swiss"]
[EventCountry "ISR"]
[SourceTitle "playchess.com"]
[Source "ChessBase"]
[SourceQuality "1"]
[TimeControl "5400+30"]

1. e4 {[%emt 0:06:37]} c5 {[%emt 0:00:00]} 2. Nf3 {[%emt 0:01:04]} Nc6 {[%emt 0:00:00]} 3. Bb5 {[%emt 0:00:10]} e6 {[%emt 0:00:21]} 4. O-O {[%emt 0:00:15]} Nge7 {[%emt 0:00:04]} 5. Re1 {[%emt 0:00:20]} a6 {[%emt 0:00:09]} 6. Bf1 {[%emt 0:00:11]} Ng6 {[%emt 0:01:01]} 7. c3 {[%emt 0:01:17]} Be7 {[%emt 0:07:43]} 8. d4 {[%emt 0:00:19]} cxd4 {[%emt 0:00:17]} 9. cxd4 {[%emt 0:00:03]} d5 {[%emt 0:00:09]} 10. e5 {[%emt 0:02:49]} O-O {[%emt 0:00:21]} 11. g3 {[%emt 0:00:41]} f6 {[%emt 0:00:44]} 12. exf6 {[%emt 0:06:35]} Bxf6 {[%emt 0:00:05]} 13. Be3 {[%emt 0:00:56]} e5 {[%emt 0:05:24]} 14. Bg2 {[%emt 0:07:30]} e4 {[%emt 0:01:45]} 15. Nfd2 {[%emt 0:00:39]} Bxd4 {[%emt 0:05:26]} 16. Qb3 {[%emt 0:03:01]} Kh8 {[%emt 0:03:20]} 17. Nc3 {[%emt 0:00:57]} Bxe3 {[%emt 0:03:22]} 18. fxe3 {[%emt 0:00:07]} Be6 {[%emt 0:00:06]} 19. Rad1 {[%emt 0:11:32]} Bg4 {[%emt 0:11:08]} 20. Nxd5 {[%emt 0:08:34]} Bxd1 {[%emt 0:02:09]} 21. Rxd1 {[%emt 0:00:15]} Na5 {[%emt 0:00:20]} 22. Qa4 {[%emt 0:02:14]} Qxd5 {[%emt 0:00:08]} 23. Nxe4 {[%emt 0:01:19]} Qb5 {[%emt 0:01:41]} 24. Qd4 {[%emt 0:00:19]} Nc6 {[%emt 0:00:15]} 25. Qd2 {[%emt 0:01:13]} Qh5 {[%emt 0:01:02]} 26. h3 {[%emt 0:01:44]} Nge5 {[%emt 0:00:11]} 27. Kh1 {[%emt 0:01:04]} Qg6 {[%emt 0:00:38]} 28. Qc3 {[%emt 0:02:18]} Nf3 {[%emt 0:00:59]} 29. Rd7 {[%emt 0:02:26]} Nce5 {[%emt 0:00:18]} 30. Bxf3 {[%emt 0:01:03]} Nxd7 {[%emt 0:00:12]} 31. Kg2 {[%emt 0:01:17]} Rxf3 {[%emt 0:00:13]} 32. Kxf3 {[%emt 0:00:09]} Rf8+ {[%emt 0:00:09]} 33. Ke2 {[%emt 0:01:36]} Qxe4 {[%emt 0:00:06]} 34. Qc7 {[%emt 0:00:18]} Ne5 {[%emt 0:00:13]} 35. Qe7 {[%emt 0:01:58]} Qg2+ {[%emt 0:00:12]} 0-1

[Event "Israeli Open Championship 2019"]
[Site "Jerusalem"]
[Date "2019.12.16"]
[Round "4.18"]
[White "Elsner, Yair"]
[Black "Gruzman, Ilya"]
[Result "1-0"]
[WhiteElo "1585"]
[BlackElo "1889"]
[Annotator "NA"]
[PlyCount "103"]
[EventDate "2019.12.12"]
[EventType "swiss"]
[EventCountry "ISR"]
[SourceTitle "playchess.com"]
[Source "ChessBase"]
[SourceQuality "1"]
[TimeControl "5400+30"]

1. Nf3 {[%emt 0:00:00]} d5 {[%emt 0:00:00]} 2. d4 {[%emt 0:00:00]} c5 {[%emt 0:00:02]} 3. c4 {[%emt 0:00:14]} dxc4 {[%emt 0:00:30]} 4. e3 {[%emt 0:01:29]} cxd4 {[%emt 0:00:17]} 5. Bxc4 {[%emt 0:00:12]} Qc7 {[%emt 0:00:32]} 6. Qc2 {[%emt 0:08:43]} Nc6 {[%emt 0:02:05]} 7. exd4 {[%emt 0:03:09]} e6 {[%emt 0:01:17]} 8. O-O {[%emt 0:02:37]} Nf6 {[%emt 0:02:13]} 9. b3 {[%emt 0:10:58]} Bd6 {[%emt 0:00:42]} 10. Nc3 {[%emt 0:02:07]} a6 {[%emt 0:00:31]} 11. Re1 {[%emt 0:04:29]} O-O {[%emt 0:02:41]} 12. Bg5 {[%emt 0:01:04]} b5 {[%emt 0:07:50]} 13. Bxf6 {[%emt 0:13:13]} bxc4 {[%emt 0:07:08]} 14. Ng5 {[%emt 0:02:34]} g6 {[%emt 0:00:54]} 15. bxc4 {[%emt 0:15:37]} Be7 {[%emt 0:07:41]} 16. Bxe7 {[%emt 0:03:56]} Nxe7 {[%emt 0:03:26]} 17. Nce4 {[%emt 0:02:58]} h6 {[%emt 0:06:03]} 18. Nf3 {[%emt 0:00:55]} Bb7 {[%emt 0:12:25]} 19. Ne5 {[%emt 0:03:03]} Nc6 {[%emt 0:01:56]} 20. Nxc6 {[%emt 0:04:47]} Qxc6 {[%emt 0:01:31]} 21. f3 {[%emt 0:00:35]} Rfd8 {[%emt 0:04:54]} 22. Red1 {[%emt 0:00:45]} Rac8 {[%emt 0:04:25]} 23. Rac1 {[%emt 0:00:51]} f5 {[%emt 0:01:54]} 24. Nc5 {[%emt 0:06:19]} Ba8 {[%emt 0:04:18]} 25. Qe2 {[%emt 0:01:28]} Kf7 {[%emt 0:03:02]} 26. Qe5 {[%emt 0:00:15]} Qd6 {[%emt 0:00:46]} 27. Qxd6 {[%emt 0:04:16]} Rxd6 {[%emt 0:00:06]} 28. Nb3 {[%emt 0:03:20]} Bc6 {[%emt 0:00:11]} 29. Kf2 {[%emt 0:01:39]} Ba4 {[%emt 0:01:44]} 30. Ke3 {[%emt 0:00:17]} g5 {[%emt 0:01:31]} 31. g3 {[%emt 0:00:36]} Rcd8 {[%emt 0:04:20]} 32. Rd2 {[%emt 0:01:14]} Rc8 {[%emt 0:10:01]} 33. Nc5 {[%emt 0:00:45]} Be8 {[%emt 0:00:33]} 34. f4 {[%emt 0:00:11]} Kf6 {[%emt 0:01:33]} 35. Rb1 {[%emt 0:00:37]} Bf7 {[%emt 0:02:49]} 36. Rb7 {[%emt 0:00:32]} Be8 {[%emt 0:02:03]} 37. Rdb2 {[%emt 0:00:22]} Rcd8 {[%emt 0:00:38]} 38. R2b6 {[%emt 0:00:54]} Bf7 {[%emt 0:01:16]} 39. Rxd6 {[%emt 0:00:17]} Rxd6 {[%emt 0:00:03]} 40. Ra7 {[%emt 0:00:41]} Be8 {[%emt 0:01:11]} 41. Rxa6 {[%emt 0:00:10]} Rxa6 {[%emt 0:00:11]} 42. Nxa6 {[%emt 0:00:05]} Ke7 {[%emt 0:00:10]} 43. c5 {[%emt 0:00:13]} Bc6 {[%emt 0:00:39]} 44. Kd2 {[%emt 0:00:54]} Bb5 {[%emt 0:01:18]} 45. Nb4 {[%emt 0:00:30]} Kd7 {[%emt 0:00:41]} 46. Kc3 {[%emt 0:00:13]} Kc7 {[%emt 0:00:23]} 47. d5 {[%emt 0:01:09]} e5 {[%emt 0:02:29]} 48. fxe5 {[%emt 0:01:02]} h5 {[%emt 0:00:14]} 49. e6 {[%emt 0:00:32]} g4 {[%emt 0:00:35]} 50. d6+ {[%emt 0:00:13]} Kd8 {[%emt 0:00:03]} 51. Nd5 {[%emt 0:00:09]} Bc6 {[%emt 0:00:05]} 52. Nf4 {[%emt 0:00:07]} 1-0

[Event "Israeli Open Championship 2019"]
[Site "Jerusalem"]
[Date "2019.12.17"]
[Round "5.1"]
[White "Nabaty, Tamir"]
[Black "Postny, Evgeny"]
[Result "1-0"]
[WhiteElo "2647"]
[BlackElo "2605"]
[Annotator "TA"]
[PlyCount "67"]
[EventDate "2019.12.12"]
[EventType "swiss"]
[EventCountry "ISR"]
[SourceTitle "playchess.com"]
[Source "ChessBase"]
[SourceQuality "1"]

{[%evp 9,67,18,24,10,15,12,18,9,23,10,8,18,20,0,20,0,0,-4,0,-42,-16,-13,-5,-22,-11,-58,-8,-2,-14,-56,-51,-79,-20,-37,0,0,0,0,0,0,0,0,0,-45,-38,-44,-49,-51,-52,-260,-258,-606,-583,-775,-757,-721,-69,-70,1093,1029]} 1. e4 e5 2. Bc4 Nc6 3. d3 Nf6 4. a3 Be7 5. Nc3 d6 6. Nge2 {C24: Bishop's Opening: 2...Nf6} (6. f4 Bg4 7. Nf3 Nd4 8. Be3 Bxf3 9. gxf3 Nh5 10. Bxd4 exd4 11. Ne2 Bh4+ {½-½ (55) Shabalov,A (2567)-Ipatov,A (2650) Middleton 2018}) 6... Be6 7. Nd5 O-O 8. O-O {The position is equal.} Nb8 9. Ng3 $146 ({Predecessor:} 9. f4 Nxd5 10. exd5 Bg4 11. h3 Bxe2 12. Qxe2 {0-1 (58) Peric,M-Krivec,J (2161) Bled 1999}) 9... Nxd5 10. exd5 Bc8 11. f4 Nd7 12. Qf3 f5 13. Ne2 Bf6 14. Bd2 exf4 15. d4 g5 16. h4 h6 17. g3 Bg7 (17... Qe8 {feels hotter.} 18. Bd3 Nb6 19. c4 Qf7 20. Rae1 Bd7) 18. hxg5 hxg5 19. gxf4 g4 20. Qb3 Rf6 (20... Re8 $17) 21. Kg2 $1 $11 Rh6 {...Rh3 is the strong threat.} 22. Rh1 Nf8 {[%cal Bd7f8,Bf8g6,Bg6h4,Bh4f3][%mdl 32]} 23. Rxh6 Bxh6 24. Rh1 Bg7 25. Ng3 Ng6 26. Rh5 Nh4+ 27. Kf2 Bf6 28. Bd3 {[%cal Rd3f5]} Qe8 29. c3 $2 ({White should try} 29. Bb5 $15 Bxd4+ 30. Kf1) 29... Nf3 $19 30. Bxf5 $2 (30. Qc2 Bh4 31. Rxh4 Nxh4 32. Bxf5) 30... Bxf5 ({Not} 30... Nxd2 31. Qc2 $11) 31. Rxf5 Bh4 {Threatens to win with ...Bxg3+.} ({Less strong is} 31... Nxd2 32. Qd1 $17) 32. Qc2 Bxg3+ $2 (32... Kg7 $19 33. c4 Qh8 34. Rf7+ {[%mdl 64] Decoy} Kxf7 35. Qf5+ Bf6 36. Qe6+ Kf8 $1 {[%mdl 512]}) 33. Kxg3 $15 {Threatening Qb1.} Qe2 $2 {[%mdl 8192]} (33... Kg7 $15 34. Kxg4 Qe2 35. Rf7+ {[%mdl 64] Decoy} Kxf7 36. Qh7+ Ke8 37. Qh8+ {[#]} Ke7 $1 {[%mdl 512]} 38. Qg7+ Kd8 39. Qh8+ Qe8 40. Qxe8+ Kxe8 41. Kxf3 Ke7) 34. Rh5 {Accuracy: White = 43%, Black = 55%.} 1-0

[Event "Israeli Open Championship 2019"]
[Site "Jerusalem"]
[Date "2019.12.17"]
[Round "5.2"]
[White "Mikhalevski, Victor"]
[Black "Gorodetzky, David"]
[Result "1-0"]
[WhiteElo "2559"]
[BlackElo "2483"]
[Annotator "ChessBase"]
[PlyCount "127"]
[EventDate "2019.12.12"]
[EventType "swiss"]
[EventCountry "ISR"]
[SourceTitle "playchess.com"]
[Source "ChessBase"]
[SourceQuality "1"]
[TimeControl "5400+30"]

1. c4 {[%emt 0:03:35]} e6 {[%emt 0:00:39]} 2. g3 {[%emt 0:00:14]} d5 {[%emt 0:01:39]} 3. Bg2 {[%emt 0:00:29]} Nf6 {[%emt 0:04:49]} 4. Nf3 {[%emt 0:00:21]} a6 {[%emt 0:05:06]} 5. b3 {[%emt 0:01:37]} b5 {[%emt 0:01:13]} 6. cxd5 {[%emt 0:04:45]} exd5 {[%emt 0:00:03]} 7. d4 {[%emt 0:00:12]} Bd6 {[%emt 0:01:19]} 8. O-O {[%emt 0:00:19]} O-O {[%emt 0:05:10]} 9. Nc3 {[%emt 0:02:21]} Bb7 {[%emt 0:07:38]} 10. e3 {[%emt 0:03:54]} Nbd7 {[%emt 0:01:05]} 11. Bb2 {[%emt 0:00:37]} Qe7 {[%emt 0:05:29]} 12. Qc2 {[%emt 0:01:48]} Rac8 {[%emt 0:06:46]} 13. Rac1 {[%emt 0:02:41]} Rfe8 {[%emt 0:09:59]} 14. Ne2 {[%emt 0:02:57]} Ne4 {[%emt 0:03:55]} 15. Nf4 {[%emt 0:00:41]} f6 {[%emt 0:06:10]} 16. Nd3 {[%emt 0:01:37]} c6 {[%emt 0:04:29]} 17. Nd2 {[%emt 0:04:46]} Qf7 {[%emt 0:02:10]} 18. Rfe1 {[%emt 0:00:55]} c5 {[%emt 0:05:34]} 19. dxc5 {[%emt 0:05:52]} Ndxc5 {[%emt 0:00:02]} 20. Nxc5 {[%emt 0:08:13]} Bxc5 {[%emt 0:00:26]} 21. Nxe4 {[%emt 0:00:30]} dxe4 {[%emt 0:00:44]} 22. Bh3 {[%emt 0:00:45]} Rc6 {[%emt 0:14:47]} 23. Qe2 {[%emt 0:09:58]} Rc7 {[%emt 0:05:39]} 24. Red1 {[%emt 0:00:44]} Bc8 {[%emt 0:00:25]} 25. Bxc8 {[%emt 0:02:21]} Rexc8 {[%emt 0:01:01]} 26. Qg4 {[%emt 0:01:01]} f5 {[%emt 0:02:42]} 27. Qf4 {[%emt 0:00:26]} h6 {[%emt 0:00:41]} 28. Qe5 {[%emt 0:01:32]} Rd7 {[%emt 0:03:01]} 29. Rd4 {[%emt 0:14:40]} Re7 {[%emt 0:01:15]} 30. Qd5 {[%emt 0:00:36]} Rec7 {[%emt 0:00:14]} 31. Rdd1 {[%emt 0:04:10]} Qxd5 {[%emt 0:00:34]} 32. Rxd5 {[%emt 0:00:07]} g6 {[%emt 0:00:41]} 33. Be5 {[%emt 0:01:54]} Rc6 {[%emt 0:00:01]} 34. Rd7 {[%emt 0:01:04]} Bf8 {[%emt 0:00:13]} 35. Rxc6 {[%emt 0:00:54]} Rxc6 {[%emt 0:00:01]} 36. Ra7 {[%emt 0:00:11]} Bc5 {[%emt 0:01:03]} 37. Rb7 {[%emt 0:03:17]} Re6 {[%emt 0:01:02]} 38. Bc3 {[%emt 0:00:59]} Rc6 {[%emt 0:00:10]} 39. Bg7 {[%emt 0:04:11]} h5 {[%emt 0:00:52]} 40. Kg2 {[%emt 0:02:23]} Re6 {[%emt 0:00:36]} 41. Bh6 {[%emt 0:02:15]} Be7 {[%emt 0:00:22]} 42. Bf4 {[%emt 0:00:52]} Kf8 {[%emt 0:00:03]} 43. h3 {[%emt 0:00:19]} Rc6 {[%emt 0:00:28]} 44. Ra7 {[%emt 0:02:16]} g5 {[%emt 0:01:10]} 45. Be5 {[%emt 0:00:25]} g4 {[%emt 0:00:29]} 46. h4 {[%emt 0:00:23]} Ke8 {[%emt 0:00:28]} 47. Bd4 {[%emt 0:00:42]} b4 {[%emt 0:00:33]} 48. Be5 {[%emt 0:01:53]} Re6 {[%emt 0:00:12]} 49. Ba1 {[%emt 0:00:44]} Rc6 {[%emt 0:00:07]} 50. Bd4 {[%emt 0:00:05]} Kf8 {[%emt 0:00:43]} 51. Ra8+ {[%emt 0:00:28]} Kf7 {[%emt 0:00:01]} 52. Rh8 {[%emt 0:00:15]} Kg6 {[%emt 0:00:45]} 53. Rg8+ {[%emt 0:00:08]} Kh6 {[%emt 0:00:42]} 54. Re8 {[%emt 0:01:20]} Rc7 {[%emt 0:00:14]} 55. Be5 {[%emt 0:00:16]} Rd7 {[%emt 0:00:56]} 56. Ra8 {[%emt 0:00:14]} Kg6 {[%emt 0:00:52]} 57. Rxa6+ {[%emt 0:00:08]} Kf7 {[%emt 0:00:02]} 58. Rh6 {[%emt 0:01:56]} Rd2 {[%emt 0:00:39]} 59. Rxh5 {[%emt 0:00:05]} Ke6 {[%emt 0:00:06]} 60. Bd4 {[%emt 0:00:18]} Rxa2 {[%emt 0:00:09]} 61. Rh6+ {[%emt 0:00:09]} Kf7 {[%emt 0:00:13]} 62. Rh7+ {[%emt 0:00:08]} Ke6 {[%emt 0:00:10]} 63. h5 {[%emt 0:00:15]} Rd2 {[%emt 0:02:12]} 64. Rxe7+ {[%emt 0:02:04]} 1-0